Sử dụng nước thải ao nuôi cá trê để nuôi tảo Spirulina SP. trong phòng thí nghiệm

Nghiên cứu tác động của các chất dinh dưỡng có trong nước thải ao nuôi cá trê đến sự phát triển của tảo, tạo nguồn giá trị dinh dưỡng trong nuôi trông thủy sản.

Đã lưu trong:
书目详细资料
主要作者: Đỗ, Ngọc Quế Như
格式: 图书
语言:Undetermined
出版: Cần Thơ Trường Đại học Cần Thơ 2010
主题:
标签: 添加标签
没有标签, 成为第一个标记此记录!
Thư viện lưu trữ: Trung tâm Học liệu Trường Đại học Cần Thơ
LEADER 01022nam a2200205Ia 4500
001 CTU_165363
008 210402s9999 xx 000 0 und d
082 |a 628.3 
082 |b Nh550 
100 |a Đỗ, Ngọc Quế Như 
245 0 |a Sử dụng nước thải ao nuôi cá trê để nuôi tảo Spirulina SP. trong phòng thí nghiệm 
245 0 |c Đỗ Ngọc Quế Như ; Cán bộ hướng dẫn: Trần Chấn Bắc 
260 |a Cần Thơ 
260 |b Trường Đại học Cần Thơ 
260 |c 2010 
520 |a Nghiên cứu tác động của các chất dinh dưỡng có trong nước thải ao nuôi cá trê đến sự phát triển của tảo, tạo nguồn giá trị dinh dưỡng trong nuôi trông thủy sản. 
650 |a Factory and trade waste,Sewerage,Wastewaters 
650 |x Purification,Purification 
904 |i dthtrang, Giang 
980 |a Trung tâm Học liệu Trường Đại học Cần Thơ